| 000 | 00424 a2200145 4500 | ||
|---|---|---|---|
| 001 | 92149 | ||
| 082 | _a519.5 AND | ||
| 090 |
_c44110 _d44109 |
||
| 100 | _aErling B Andersen and Nie/s-Erik Jensen | ||
| 245 | _aStatistics for Economics, Business Administration and the Social Sciences | ||
| 250 | _a1 | ||
| 260 |
_aNew York _bSpringer Verlag Berlin Heidelberg _c1987 |
||
| 300 |
_axi, 439p. _bPb |
||
| 500 | _aGeneral Book | ||
| 942 |
_aCAE NUST _k519.5 AND |
||
| 999 |
_c327222 _d327222 |
||